[Event "XXVIII Festival Conca della Presolana A"]
[Site "Bratto - Castione della Presolana ITA"]
[Date "2008.08.25"]
[Round "4"]
[White "Jablon, Stephen"]
[Black "Galli, Fabio"]
[Result "0-1"]
[WhiteElo "1994"]
[BlackElo "2070"]
[PlyCount "162"]
[EventDate "2008.08.22"]

1. e4 d6 2. d4 e5 3. dxe5 dxe5 4. Qxd8+ Kxd8 5. Bc4 f6 6. Nc3 c6 7. Be3 Nd7 8.
Nge2 Bc5 9. Bxc5 Nxc5 10. Rd1+ Kc7 11. b4 Be6 12. Bxe6 Nxe6 13. O-O Ne7 14. Rd3
Rad8 15. Rfd1 Rxd3 16. Rxd3 Rd8 17. Rxd8 Kxd8 18. f3 c5 19. bxc5 Nxc5 20. Kf2
Kd7 21. Nd5 Nxd5 22. exd5 b5 23. Nc3 a6 24. Ne4 Na4 25. g4 Nb6 26. Nc5+ Kd6 27.
Nxa6 Kxd5 28. Nc7+ Kc4 29. Ke2 g6 30. h4 b4 31. Kd2 e4 32. fxe4 Kd4 33. Nd5 Nd7
34. Nxb4 Kxe4 35. a4 Nb6 36. Nd3 Nxa4 37. h5 gxh5 38. gxh5 Kf5 39. Ke3 Kg5 40.
Nf4 Nc3 41. Kf3 Kh4 42. Ke3 Kg4 43. Kd3 Kxf4 44. Kxc3 Kg5 45. Kd4 Kxh5 46. c4
Kg6 47. Kd5 h5 48. c5 h4 49. c6 h3 50. c7 h2 51. c8=Q h1=Q+ 52. Kd4 Qh4+ 53.
Ke3 Qh6+ 54. Kf2 Qf4+ 55. Kg2 Qe4+ 56. Kg3 Qe5+ 57. Kf2 Kg5 58. Qg8+ Kf5 59.
Qc8+ Kf4 60. Qc1+ Kg4 61. Qg1+ Kf5 62. Qb1+ Qe4 63. Qb5+ Kf4 64. Qb8+ Qe5 65.
Qb4+ Kg5 66. Qf8 Qb2+ 67. Kf3 Qc3+ 68. Kf2 f5 69. Qe7+ Kg4 70. Qe2+ Kf4 71. Qb5
Qc2+ 72. Kg1 Kg3 73. Qe5+ Kf3 74. Qd5+ Qe4 75. Qd1+ Qe2 76. Qd5+ Qe4 77. Qd1+
Kg3 78. Qb3+ Kf4 79. Qb8+ Kf3 80. Qb2 Qe1+ 81. Kh2 Qf2+ 0-1

[Event "XXVIII Festival Conca della Presolana A"]
[Site "Bratto - Castione della Presolana ITA"]
[Date "2008.08.25"]
[Round "4"]
[White "Jaracz, Pawel"]
[Black "Guido, Flavio"]
[Result "1/2-1/2"]
[WhiteElo "2501"]
[BlackElo "2356"]
[PlyCount "43"]
[EventDate "2008.08.22"]

1. c4 Nf6 2. g3 e5 3. Bg2 Nc6 4. Nc3 Bc5 5. e3 O-O 6. Nge2 d5 7. Nxd5 Nxd5 8.
cxd5 Nb4 9. O-O Nxd5 10. d4 exd4 11. Nxd4 c6 12. Nb3 Bb6 13. Bd2 Qe7 14. Qc2
Rd8 15. a3 Bg4 16. h3 Bh5 17. Kh2 a5 18. Rae1 Bg6 19. e4 a4 20. Nc1 Nc7 21. f4
f6 22. Be3 1/2-1/2

[Event "XXVIII Festival Conca della Presolana A"]
[Site "Bratto - Castione della Presolana ITA"]
[Date "2008.08.25"]
[Round "4"]
[White "Korneev, Oleg"]
[Black "Tatai, Stefano"]
[Result "1-0"]
[WhiteElo "2631"]
[BlackElo "2372"]
[PlyCount "67"]
[EventDate "2008.08.22"]

1. e4 c5 2. Nf3 d6 3. d4 cxd4 4. Nxd4 Nf6 5. Nc3 a6 6. Be3 e5 7. Nf3 Qc7 8. a4
Be7 9. a5 Nbd7 10. Nd2 Nc5 11. Bg5 Be6 12. Bxf6 Bxf6 13. Nc4 Rd8 14. Nb6 Qc6
15. Bd3 Bg5 16. Ncd5 Nd7 17. Ra3 Nxb6 18. Rc3 Qa4 19. Nc7+ Ke7 20. axb6 Qa5 21.
O-O Qxb6 22. Bc4 Bf6 23. Nd5+ Bxd5 24. Qxd5 Rd7 25. Qxf7+ Kd8 26. Qd5 Qxb2 27.
Qd3 Qb4 28. Rb3 Qc5 29. Bxa6 Ke7 30. Bxb7 Rc7 31. Bd5 g6 32. Qh3 Kf8 33. Qh6+
Bg7 34. Qh4 1-0

[Event "XXVIII Festival Conca della Presolana A"]
[Site "Bratto - Castione della Presolana ITA"]
[Date "2008.08.25"]
[Round "4"]
[White "Lampl, Gerald"]
[Black "Griffa, Roberto"]
[Result "0-1"]
[WhiteElo "2155"]
[BlackElo "2084"]
[PlyCount "96"]
[EventDate "2008.08.22"]

1. d4 d5 2. c4 e6 3. Nc3 c5 4. cxd5 exd5 5. Nf3 Nc6 6. g3 Nf6 7. Bg2 Be7 8. O-O
O-O 9. Bg5 cxd4 10. Nxd4 h6 11. Bf4 Qb6 12. Nxc6 bxc6 13. Na4 Qa5 14. Rc1 Be6
15. Be3 Rfc8 16. Bc5 Bxc5 17. Rxc5 Qa6 18. b3 Ne4 19. Bxe4 dxe4 20. Qc2 Bd5 21.
e3 Re8 22. Nc3 Rad8 23. Ne2 Rd6 24. Rc1 Red8 25. Nd4 g6 26. Kg2 h5 27. h4 Kg7
28. Qc3 Kg8 29. Ra5 Qb7 30. Qc5 Qd7 31. Rxa7 Qg4 32. Ra6 f5 33. Kf1 f4 34. gxf4
Qxh4 35. Ra7 Qh1+ 36. Ke2 Qg2 37. Qc3 c5 38. Qxc5 Be6 39. Qe5 Bg4+ 40. Ke1 Qg1+
41. Kd2 Qxf2+ 42. Kc3 Qxe3+ 43. Kb2 Qxd4+ 44. Qxd4 Rxd4 45. Rc6 R4d6 46. Rxd6
Rxd6 47. Re7 Re6 48. Rxe6 Bxe6 0-1

[Event "XXVIII Festival Conca della Presolana A"]
[Site "Bratto - Castione della Presolana ITA"]
[Date "2008.08.25"]
[Round "4"]
[White "Levin, Felix"]
[Black "Rombaldoni, Denis"]
[Result "1-0"]
[WhiteElo "2564"]
[BlackElo "2418"]
[PlyCount "61"]
[EventDate "2008.08.22"]

1. Nf3 Nf6 2. c4 e6 3. Nc3 Bb4 4. Qc2 O-O 5. a3 Bxc3 6. Qxc3 b6 7. g3 Bb7 8.
Bg2 c5 9. O-O d5 10. cxd5 exd5 11. b4 Nbd7 12. bxc5 bxc5 13. d3 Re8 14. Rb1 Ba6
15. Qc2 c4 16. Be3 Qa5 17. dxc4 Bxc4 18. Rfe1 Rxe3 19. fxe3 Qxa3 20. Qc1 Qc5
21. Qc3 Ne4 22. Qd4 a5 23. Qxc5 Ndxc5 24. Ne5 Ba6 25. Bxe4 Nxe4 26. Nc6 Nc3 27.
Rb3 Nxe2+ 28. Kf2 a4 29. Ra3 Bb5 30. Nb4 Rb8 31. Nd3 1-0

[Event "XXVIII Festival Conca della Presolana A"]
[Site "Bratto - Castione della Presolana ITA"]
[Date "2008.08.25"]
[Round "4"]
[White "Madiai, Federico"]
[Black "Bonazzi, Edoardo"]
[Result "1/2-1/2"]
[WhiteElo "2066"]
[BlackElo "2163"]
[PlyCount "65"]
[EventDate "2008.08.22"]

1. Nf3 c5 2. g3 g6 3. Bg2 Bg7 4. O-O Nc6 5. c3 Nf6 6. d4 cxd4 7. cxd4 d5 8. Ne5
O-O 9. Nc3 Nxe5 10. dxe5 Ng4 11. Qxd5 Nxe5 12. Bf4 Nc6 13. Rfd1 Qb6 14. Qb5 Be6
15. Be3 Qxb5 16. Nxb5 Rac8 17. Bxc6 Rxc6 18. Nd4 Bxd4 19. Bxd4 b6 20. Bc3 Rfc8
21. e4 Kf8 22. f3 Ke8 23. Kf2 R6c7 24. Ke3 Rd8 25. a3 Rcd7 26. Rxd7 Rxd7 27. h4
Bb3 28. Rf1 Rd1 29. Rf2 f6 30. e5 Kf7 31. Kf4 h6 32. exf6 exf6 33. Rd2 1/2-1/2

[Event "XXVIII Festival Conca della Presolana A"]
[Site "Bratto - Castione della Presolana ITA"]
[Date "2008.08.25"]
[Round "4"]
[White "Marguerettaz, Davy"]
[Black "Salmoiraghi, Angelo"]
[Result "0-1"]
[WhiteElo "1987"]
[BlackElo "2106"]
[PlyCount "43"]
[EventDate "2008.08.22"]

1. e4 c5 2. c3 Nf6 3. e5 Nd5 4. d4 cxd4 5. Nf3 Nc6 6. cxd4 d6 7. Bc4 e6 8. O-O
Be7 9. Nbd2 O-O 10. a3 dxe5 11. dxe5 Qc7 12. Re1 Nf4 13. b4 Rd8 14. Qc2 Ng6 15.
Bb2 Bd7 16. Qe4 Rac8 17. h4 Nxb4 18. axb4 Bc6 19. Qe3 Bxf3 20. gxf3 Bxb4 21.
Bd3 Qd7 22. Bxg6 0-1

[Event "XXVIII Festival Conca della Presolana A"]
[Site "Bratto - Castione della Presolana ITA"]
[Date "2008.08.25"]
[Round "4"]
[White "Marholev, Dimitar"]
[Black "Leon Hoyos, Manuel"]
[Result "0-1"]
[WhiteElo "2366"]
[BlackElo "2543"]
[PlyCount "50"]
[EventDate "2008.08.22"]

1. d4 Nf6 2. c4 c5 3. d5 b5 4. cxb5 a6 5. b6 d6 6. a4 a5 7. Nc3 Nbd7 8. e4 g6
9. Bb5 Bg7 10. f4 O-O 11. Nf3 Nxb6 12. O-O e6 13. dxe6 Bxe6 14. e5 Nfd5 15.
Nxd5 Bxd5 16. exd6 Qxd6 17. f5 gxf5 18. Nh4 Bd4+ 19. Kh1 Kh8 20. Rxf5 Rg8 21.
Bf4 Qe6 22. Bg3 Be4 23. Rf4 Nd5 24. Bc4 Rxg3 25. hxg3 Qh3# 0-1

[Event "XXVIII Festival Conca della Presolana A"]
[Site "Bratto - Castione della Presolana ITA"]
[Date "2008.08.25"]
[Round "4"]
[White "Mazzariol, Oscar"]
[Black "Cardili, Mariano"]
[Result "0-1"]
[WhiteElo "2080"]
[BlackElo "2100"]
[PlyCount "46"]
[EventDate "2008.08.22"]

1. d4 d5 2. c4 c6 3. Nc3 Nf6 4. Nf3 dxc4 5. e4 b5 6. e5 Nd5 7. a4 e6 8. axb5
Nxc3 9. bxc3 cxb5 10. Be2 Bb7 11. Rb1 Bc6 12. Bg5 Be7 13. Bxe7 Qxe7 14. O-O O-O
15. d5 Bxd5 16. Rxb5 Nc6 17. Qa4 Rac8 18. Rfb1 Rc7 19. Re1 h6 20. Rb2 Rd8 21.
Rd2 Rb8 22. Bd1 Rb1 23. Nd4 Bxg2 0-1

[Event "XXVIII Festival Conca della Presolana A"]
[Site "Bratto - Castione della Presolana ITA"]
[Date "2008.08.25"]
[Round "4"]
[White "Nardelli, Marco"]
[Black "Fierro Baquero, Martha Lorena"]
[Result "1/2-1/2"]
[WhiteElo "2113"]
[BlackElo "2379"]
[PlyCount "96"]
[EventDate "2008.08.22"]

1. e4 c5 2. Nf3 Nc6 3. d4 cxd4 4. Nxd4 g6 5. Nc3 Bg7 6. Be3 Nf6 7. Bc4 O-O 8.
Bb3 d6 9. h3 Bd7 10. O-O Nxd4 11. Bxd4 Bc6 12. Qd3 b5 13. Nd5 e6 14. Nxf6+ Bxf6
15. Rfe1 Rc8 16. c3 Bxd4 17. Qxd4 Qe7 18. a4 Rc7 19. a5 Rd8 20. Rad1 Rcd7 21.
Qe3 d5 22. e5 b4 23. Rd4 bxc3 24. bxc3 Rb8 25. Bc2 Rb2 26. Re2 Rdb7 27. Qh6 Qf8
28. Qg5 Rb8 29. Rh4 Qg7 30. Bd3 Rxe2 31. Bxe2 Rb1+ 32. Kh2 Re1 33. Rb4 h6 34.
Qe3 a6 35. f4 Bb5 36. Rb2 Qf8 37. Qf2 Rxe2 38. Rxe2 Bxe2 39. Qxe2 Qc8 40. Qd3
Kg7 41. Qd4 Qc7 42. Qb4 g5 43. g3 gxf4 44. gxf4 Qc8 45. Kg3 Kh7 46. Kf2 Kg7 47.
Kg3 Qc6 48. Kf2 Qc8 1/2-1/2

[Event "XXVIII Festival Conca della Presolana A"]
[Site "Bratto - Castione della Presolana ITA"]
[Date "2008.08.25"]
[Round "4"]
[White "Osuna Munoz, Xavier"]
[Black "Manfredi, Vincenzo"]
[Result "1/2-1/2"]
[WhiteElo "2093"]
[BlackElo "2204"]
[PlyCount "107"]
[EventDate "2008.08.22"]

1. e4 c5 2. Nc3 e6 3. g3 d5 4. Bg2 Nf6 5. d3 dxe4 6. Nxe4 Nxe4 7. Bxe4 Nd7 8.
Bg2 Bd6 9. Nf3 O-O 10. Qe2 Qb6 11. O-O Nf6 12. Ne5 Qd8 13. Nc4 Be7 14. a4 Nd5
15. a5 Qc7 16. h4 Re8 17. h5 Bd7 18. Ne5 Rad8 19. Re1 Bc8 20. h6 g6 21. Qf3 f6
22. Ng4 Rf8 23. b3 e5 24. Bb2 Nb4 25. Re2 Bd7 26. Rd2 Qc8 27. Ne3 Bc6 28. Qe2
Bxg2 29. Nxg2 Nc6 30. c3 Qe6 31. Qd1 f5 32. d4 cxd4 33. cxd4 exd4 34. Nf4 Qf7
35. Re2 Rfe8 36. a6 Bg5 37. Rxe8+ Rxe8 38. axb7 Qxb7 39. Qf3 Re4 40. Nd3 Qxb3
41. Bc1 Be7 42. Kg2 a5 43. Bf4 a4 44. g4 Re6 45. gxf5 gxf5 46. Bg3 Rxh6 47.
Qxf5 Qe6 48. Qxe6+ Rxe6 49. Rxa4 Bd6 50. Bxd6 Rxd6 51. Kf3 Kf7 52. Ke4 Kf6 53.
f4 Nd8 54. Rxd4 1/2-1/2

[Event "XXVIII Festival Conca della Presolana A"]
[Site "Bratto - Castione della Presolana ITA"]
[Date "2008.08.25"]
[Round "4"]
[White "Pascucci, Marco"]
[Black "Bellavita, Guido"]
[Result "1-0"]
[WhiteElo "2009"]
[BlackElo "2101"]
[PlyCount "83"]
[EventDate "2008.08.22"]

1. d4 d5 2. Nc3 Nf6 3. Bg5 e6 4. e4 Bb4 5. e5 h6 6. Bd2 Bxc3 7. Bxc3 Ne4 8. Qg4
g6 9. Ne2 c5 10. dxc5 Nc6 11. Qf4 Qc7 12. Bd4 f5 13. c3 Ne7 14. Qe3 Bd7 15. h4
O-O-O 16. b4 Rdf8 17. f3 f4 18. Qg1 Ng3 19. Nxg3 fxg3 20. Bd3 Nf5 21. a4 Kd8
22. a5 a6 23. Rh3 Rfg8 24. Kd2 Bb5 25. Bxb5 axb5 26. a6 Qc6 27. a7 Kc7 28. Qe1
Ra8 29. Rxg3 Nxg3 30. Qxg3 Qe8 31. Qf4 Qf8 32. Qf6 Kd7 33. c6+ bxc6 34. Bc5
Qxf6 35. exf6 Rh7 36. f4 Rf7 37. Bd4 Kc7 38. g4 Kb7 39. Ke3 Re8 40. Kf3 Ra8 41.
h5 gxh5 42. g5 1-0

[Event "XXVIII Festival Conca della Presolana A"]
[Site "Bratto - Castione della Presolana ITA"]
[Date "2008.08.25"]
[Round "4"]
[White "Pegoraro, Nicola"]
[Black "Bentivegna, Francesco"]
[Result "0-1"]
[WhiteElo "2021"]
[BlackElo "2329"]
[PlyCount "60"]
[EventDate "2008.08.22"]

1. e4 Nc6 2. d4 d5 3. Nc3 Nf6 4. e5 Ng8 5. Nf3 Bg4 6. Bb5 e6 7. O-O Nge7 8. Be3
a6 9. Be2 Qd7 10. Nb1 f6 11. Nbd2 O-O-O 12. b4 fxe5 13. dxe5 d4 14. Bg5 h6 15.
Bh4 g5 16. Bg3 Nd5 17. Ne4 Bf5 18. Bd3 Qf7 19. a3 Qg6 20. Re1 Nc3 21. Nxc3 dxc3
22. Re3 Bg7 23. Qe2 Bxd3 24. Rxd3 Rxd3 25. cxd3 Rd8 26. Rd1 g4 27. Nh4 Nd4 28.
Qa2 Qe8 29. Qa1 c2 30. Re1 Qc6 0-1

[Event "XXVIII Festival Conca della Presolana A"]
[Site "Bratto - Castione della Presolana ITA"]
[Date "2008.08.25"]
[Round "4"]
[White "Pesce, Gabriele"]
[Black "Parodi, Alessandro"]
[Result "1-0"]
[WhiteElo "2102"]
[BlackElo "2053"]
[PlyCount "59"]
[EventDate "2008.08.22"]

1. e4 d6 2. d4 Nf6 3. Nc3 g6 4. Nf3 Bg7 5. h3 O-O 6. Be3 c6 7. Qd2 b5 8. Bd3
Nbd7 9. O-O Qc7 10. Ne2 e5 11. dxe5 dxe5 12. a4 Nb6 13. axb5 cxb5 14. Qa5 Bd7
15. Nc3 Rfe8 16. Nxb5 Bxb5 17. Qxb5 Qb7 18. Rfe1 Rec8 19. Nxe5 Nxe4 20. Bxe4
Qxe4 21. Bxb6 Qb7 22. Nc4 axb6 23. Rxa8 Rxa8 24. Nxb6 Bd4 25. Re8+ Rxe8 26.
Qxe8+ Kg7 27. Nd7 g5 28. c3 Bf6 29. Qf8+ Kg6 30. Qd6 1-0

[Event "XXVIII Festival Conca della Presolana A"]
[Site "Bratto - Castione della Presolana ITA"]
[Date "2008.08.25"]
[Round "4"]
[White "Piasetski, Leon David"]
[Black "Cebalo, Miso"]
[Result "1-0"]
[WhiteElo "2314"]
[BlackElo "2523"]
[PlyCount "43"]
[EventDate "2008.08.22"]

1. d4 Nf6 2. c4 e6 3. Nc3 Bb4 4. e3 b6 5. Bd3 Bb7 6. Nge2 Bxg2 7. Rg1 Be4 8. a3
Bxc3+ 9. Nxc3 Bg6 10. e4 d5 11. cxd5 exd5 12. e5 Ne4 13. Qf3 Nc6 14. Bb5 Qd7
15. Rxg6 hxg6 16. Nxe4 a6 17. Nf6+ gxf6 18. Qxf6 axb5 19. Qxh8+ Ke7 20. Bg5+ f6
21. Bxf6+ Kf7 22. Qg7+ 1-0

[Event "XXVIII Festival Conca della Presolana A"]
[Site "Bratto - Castione della Presolana ITA"]
[Date "2008.08.25"]
[Round "4"]
[White "Piemonti, Carlo"]
[Black "Oppici, Gabriele"]
[Result "0-1"]
[WhiteElo "2051"]
[BlackElo "2055"]
[PlyCount "106"]
[EventDate "2008.08.22"]

1. e4 Nc6 2. Nf3 d6 3. d4 Nf6 4. Nc3 Bg4 5. Be3 e6 6. Bd3 Be7 7. h3 Bh5 8. g4
Bg6 9. Qd2 d5 10. exd5 Nxd5 11. Bxg6 hxg6 12. Ne4 Nxe3 13. Qxe3 Nb4 14. Qe2 Qd5
15. a3 Qa5 16. Nc3 Nd5 17. Qb5+ Qxb5 18. Nxb5 a6 19. Nc3 Nxc3 20. bxc3 g5 21.
Kf1 O-O-O 22. Kg2 c5 23. a4 Bf6 24. Rhd1 Rd7 25. Rd3 Rhd8 26. Rad1 g6 27. Kg3
cxd4 28. cxd4 Rc7 29. R1d2 Rd5 30. Kg2 Rc4 31. Ra3 Ra5 32. Ne5 Bxe5 33. dxe5
Rxe5 34. Rad3 Rd5 35. Rxd5 exd5 36. Rxd5 Rxa4 37. Rc5+ Kd7 38. Rxg5 Rc4 39.
Rd5+ Ke6 40. Rd2 a5 41. Re2+ Kd6 42. Rd2+ Kc6 43. Rd8 a4 44. Kg3 a3 45. Ra8
Rc3+ 46. f3 Kb5 47. h4 Kb4 48. h5 gxh5 49. gxh5 Rc6 50. Ra7 Ra6 51. Rxb7+ Kc3
52. Rxf7 a2 53. Rc7+ Kb4 0-1

[Event "XXVIII Festival Conca della Presolana A"]
[Site "Bratto - Castione della Presolana ITA"]
[Date "2008.08.25"]
[Round "4"]
[White "Piscopo, Pierluigi"]
[Black "Burmakin, Vladimir"]
[Result "1/2-1/2"]
[WhiteElo "2389"]
[BlackElo "2625"]
[PlyCount "48"]
[EventDate "2008.08.22"]

1. e4 c6 2. d4 d5 3. exd5 cxd5 4. Bd3 Nc6 5. c3 Nf6 6. Bf4 g6 7. Nf3 Bg7 8. O-O
O-O 9. Re1 Bg4 10. h3 Bxf3 11. Qxf3 Qb6 12. Na3 Rac8 13. Rab1 e6 14. Nc2 Nb8
15. Ne3 Nbd7 16. Nf1 Qa5 17. a3 Rfe8 18. g4 h6 19. Re2 a6 20. Rbe1 Qd8 21. Qe3
Kh7 22. Qf3 Kg8 23. Qe3 Kh7 24. Qf3 Kg8 1/2-1/2

[Event "XXVIII Festival Conca della Presolana A"]
[Site "Bratto - Castione della Presolana ITA"]
[Date "2008.08.25"]
[Round "4"]
[White "Qendro, Llambi"]
[Black "David, Alberto"]
[Result "1/2-1/2"]
[WhiteElo "2375"]
[BlackElo "2568"]
[PlyCount "59"]
[EventDate "2008.08.22"]

1. d4 Nf6 2. c4 e6 3. Nf3 d5 4. cxd5 exd5 5. Nc3 Bb4 6. Bg5 Nbd7 7. Bxf6 Qxf6
8. a3 Bxc3+ 9. bxc3 O-O 10. e3 c5 11. Be2 Qe7 12. O-O Nf6 13. dxc5 Ne4 14. Qxd5
Nxc3 15. Qc4 Nxe2+ 16. Qxe2 Qxc5 17. Rfc1 Qe7 18. Nd4 b6 19. Rc3 Bb7 20. Rac1
Qg5 21. Qf1 Rad8 22. Rc7 Qd5 23. Nc6 Bxc6 24. R7xc6 Qa5 25. R6c3 Rd2 26. Rd3
Ra2 27. Ra1 Rb2 28. Rb1 Rc2 29. Rc1 Ra2 30. Ra1 1/2-1/2

[Event "XXVIII Festival Conca della Presolana A"]
[Site "Bratto - Castione della Presolana ITA"]
[Date "2008.08.25"]
[Round "4"]
[White "Radice, Luca"]
[Black "Zinani, Alessandro"]
[Result "1/2-1/2"]
[WhiteElo "2098"]
[BlackElo "2240"]
[PlyCount "184"]
[EventDate "2008.08.22"]

1. d4 d5 2. Nf3 Nf6 3. c4 c6 4. e3 e6 5. Nbd2 Nbd7 6. Bd3 Bd6 7. O-O O-O 8. e4
dxe4 9. Nxe4 Be7 10. Qe2 Qc7 11. Bg5 Re8 12. Nxf6+ Nxf6 13. Ne5 h6 14. Bf4 Qb6
15. c5 Qd8 16. Rad1 Bf8 17. Bb1 Nd5 18. Qh5 Qe7 19. Bc1 f5 20. Rfe1 Bd7 21. Qg6
Red8 22. Nxd7 Qxd7 23. Bxh6 Re8 24. Bc1 Qf7 25. Qg3 Rad8 26. Bf4 Rd7 27. Be5
Red8 28. Bc2 Be7 29. f4 Bf6 30. Bd6 Be7 31. Be5 Bf6 32. Bb3 Be7 33. a3 Kf8 34.
Ba2 Kg8 35. b4 a6 36. Rd3 Bf6 37. Red1 Re8 38. Bd6 Qh5 39. Bxd5 exd5 40. Be5
Bxe5 41. fxe5 Rf7 42. Rf1 Re6 43. Qf2 g6 44. Rh3 Qg5 45. Rg3 Qh6 46. Rf3 Qg5
47. Rf4 Rh7 48. h4 Qe7 49. g4 Rxh4 50. gxf5 Rxf4 51. Qxf4 gxf5 52. Qxf5 Kg7 53.
Rf2 Rg6+ 54. Kf1 Qe8 55. Ke2 Qe7 56. Rh2 Qe6 57. Qxe6 Rxe6 58. Kf3 Re7 59. Rh4
Kg6 60. Rf4 Kg5 61. Rg4+ Kf5 62. Rf4+ Kg5 63. Rf6 Rh7 64. Kg3 Rg7 65. a4 Rh7
66. Rd6 Kf5 67. Rf6+ Kg5 68. Rf8 Re7 69. Kf3 Rh7 70. Ke3 Rh3+ 71. Rf3 Rh7 72.
Kd3 Kg4 73. Re3 Kf5 74. Kc3 Kf4 75. Rd3 Ke4 76. b5 axb5 77. axb5 cxb5 78. Rd1
Rh2 79. Re1+ Kf5 80. e6 Rh8 81. Re5+ Kf6 82. e7 Re8 83. Kb4 Rxe7 84. Rxe7 Kxe7
85. Kxb5 Kd7 86. Kb6 Kc8 87. c6 bxc6 88. Kxc6 Kd8 89. Kd6 Ke8 90. Kxd5 Kd7 91.
Ke5 Ke7 92. d5 Kd7 1/2-1/2

[Event "XXVIII Festival Conca della Presolana A"]
[Site "Bratto - Castione della Presolana ITA"]
[Date "2008.08.25"]
[Round "4"]
[White "Ranfagni, Stefano"]
[Black "Tramalloni, Luca"]
[Result "0-1"]
[WhiteElo "2049"]
[BlackElo "2109"]
[PlyCount "118"]
[EventDate "2008.08.22"]

1. e4 e6 2. d4 d5 3. Nd2 Nf6 4. e5 Nfd7 5. Bd3 c5 6. c3 Nc6 7. Ne2 a5 8. a3 a4
9. O-O Nb6 10. f4 g6 11. Nf3 Nc4 12. Ng3 cxd4 13. cxd4 Qb6 14. Bxc4 dxc4 15.
Ne4 Be7 16. Kh1 Na5 17. Rb1 Bd7 18. Be3 Bc6 19. Nc3 Nb3 20. Qe1 Qa5 21. Rd1
O-O-O 22. Qf2 Bd5 23. Nd2 Nxd2 24. Bxd2 Qa6 25. Na2 b5 26. Bb4 Bxb4 27. Nxb4
Qb7 28. Rc1 Kb8 29. Rfd1 h5 30. h4 Rd7 31. Rd2 Rhd8 32. Rcd1 Qb6 33. Kg1 Kb7
34. Qe3 Ka7 35. Kf2 Qb7 36. Kg1 Kb8 37. Kf1 Be4 38. Na6+ Qxa6 39. Qxe4 Qb7 40.
Qxb7+ Kxb7 41. Kf2 Kc6 42. Ke3 Kd5 43. Rc1 Rb7 44. Rdc2 Rc8 45. g3 b4 46. axb4
Rxb4 47. Ra1 Ra8 48. Rac1 a3 49. bxa3 Rxa3+ 50. Kf2 Kxd4 51. Rd1+ Rd3 52. Rdc1
c3 53. Ke2 Rb2 54. Kf2 Rxc2+ 55. Rxc2 Rd2+ 56. Rxd2+ cxd2 57. Ke2 d1=Q+ 58.
Kxd1 Kd3 59. Ke1 Ke3 0-1

[Event "XXVIII Festival Conca della Presolana A"]
[Site "Bratto - Castione della Presolana ITA"]
[Date "2008.08.25"]
[Round "4"]
[White "Ranieri, Fabrizio"]
[Black "Astengo, Corrado"]
[Result "1/2-1/2"]
[WhiteElo "2245"]
[BlackElo "2121"]
[PlyCount "88"]
[EventDate "2008.08.22"]

1. e4 e6 2. d4 d5 3. Nc3 Nf6 4. Bg5 dxe4 5. Nxe4 Be7 6. Bxf6 Bxf6 7. Nf3 O-O 8.
Nxf6+ Qxf6 9. Bd3 Nd7 10. Qe2 c5 11. Qe4 Qh6 12. O-O Nf6 13. Qe5 cxd4 14. Qxd4
b6 15. Ne5 Bb7 16. f4 Rfd8 17. Qb4 Nd5 18. Qe4 Rab8 19. Rae1 Nf6 20. Qb4 Nd5
21. Qa4 a6 22. Be4 b5 23. Qa3 Qf6 24. Qf3 Qe7 25. f5 exf5 26. Qxf5 Qc5+ 27. Kh1
Nf6 28. Bd3 Re8 29. Qf4 Rbd8 30. Ng4 Rxe1 31. Nxf6+ gxf6 32. Rxe1 Qg5 33. Qg3
h5 34. Re7 Bd5 35. Kg1 h4 36. Qxg5+ fxg5 37. b3 Rd6 38. a3 Bxb3 39. Bxb5 axb5
40. cxb3 Rd3 41. Re5 Rxb3 42. Rxg5+ Kf8 43. Rh5 Rxa3 44. Rxb5 Ra4 1/2-1/2

[Event "XXVIII Festival Conca della Presolana A"]
[Site "Bratto - Castione della Presolana ITA"]
[Date "2008.08.25"]
[Round "4"]
[White "Ricci, Alfredo"]
[Black "Gallucci, Alessio"]
[Result "0-1"]
[WhiteElo "2069"]
[BlackElo "2152"]
[PlyCount "76"]
[EventDate "2008.08.22"]

1. e4 c5 2. Nf3 d6 3. d4 cxd4 4. Nxd4 Nf6 5. Bd3 Nc6 6. Nxc6 bxc6 7. O-O g6 8.
Kh1 Bg7 9. Nc3 O-O 10. Qe1 Nd7 11. f4 Nc5 12. f5 d5 13. Qh4 Nxd3 14. cxd3 Ba6
15. Qh3 dxe4 16. fxg6 hxg6 17. Be3 Bxd3 18. Rad1 Qa5 19. Rf4 Rfd8 20. Rc1 Qb4
21. Rf2 a5 22. a3 Qd6 23. Rd2 Qe5 24. Qg4 Qh5 25. Qg3 Be5 26. Bf4 Bd4 27. Nd1
c5 28. Nf2 c4 29. Ng4 Bg7 30. Be5 e3 31. Rdd1 e2 32. Re1 Bxe5 33. Nxe5 Rd5 34.
Nxc4 Bxc4 35. Rxc4 Rd1 36. h3 Rad8 37. Kh2 Rxe1 38. Qxe1 Qe5+ 0-1

[Event "XXVIII Festival Conca della Presolana A"]
[Site "Bratto - Castione della Presolana ITA"]
[Date "2008.08.25"]
[Round "4"]
[White "Salami, Marco"]
[Black "Mogranzini, Roberto"]
[Result "0-1"]
[WhiteElo "2186"]
[BlackElo "2423"]
[PlyCount "68"]
[EventDate "2008.08.22"]

1. e4 c5 2. Nf3 e6 3. d3 Nc6 4. g3 g6 5. Bg2 Bg7 6. O-O Nge7 7. c3 e5 8. Be3 d6
9. d4 b6 10. dxe5 dxe5 11. Qxd8+ Nxd8 12. Na3 O-O 13. Rfd1 Ndc6 14. Nc4 Be6 15.
Bf1 h6 16. Rd6 Rad8 17. Rxd8 Rxd8 18. Nfd2 f5 19. f3 g5 20. a4 f4 21. Bf2 h5
22. Be2 Ng6 23. Nf1 g4 24. Nfd2 Bh6 25. Be1 Kg7 26. fxg4 hxg4 27. Nb3 Nf8 28.
Bf1 Bf7 29. Ncd2 f3 30. Kf2 Nh7 31. Bb5 Ng5 32. Bxc6 Nh3+ 33. Kf1 Bxd2 34. Nxd2
Rxd2 0-1

[Event "XXVIII Festival Conca della Presolana A"]
[Site "Bratto - Castione della Presolana ITA"]
[Date "2008.08.25"]
[Round "4"]
[White "Sax, Gyula"]
[Black "Bellia, Fabrizio"]
[Result "1/2-1/2"]
[WhiteElo "2506"]
[BlackElo "2403"]
[PlyCount "33"]
[EventDate "2008.08.22"]

1. e4 c5 2. Nf3 d6 3. d4 cxd4 4. Nxd4 Nf6 5. Nc3 Nc6 6. Bc4 e5 7. Nde2 Be6 8.
Bb3 Be7 9. O-O O-O 10. Kh1 Rc8 11. f4 a6 12. Ng3 Nd4 13. Nf5 Bxf5 14. exf5 Nxb3
15. axb3 h6 16. Qe2 Re8 17. g4 1/2-1/2

[Event "XXVIII Festival Conca della Presolana A"]
[Site "Bratto - Castione della Presolana ITA"]
[Date "2008.08.25"]
[Round "4"]
[White "Sbarra, Marco"]
[Black "Barberi, Alessandro"]
[Result "1/2-1/2"]
[WhiteElo "2236"]
[BlackElo "2153"]
[PlyCount "99"]
[EventDate "2008.08.22"]

1. d4 g6 2. c4 Bg7 3. e4 d6 4. Nc3 Nd7 5. Nf3 e5 6. Be2 h6 7. d5 Ne7 8. h4 f5
9. h5 g5 10. exf5 Nxf5 11. Ne4 O-O 12. Be3 Nf6 13. Nfd2 Nd4 14. Nxf6+ Rxf6 15.
Ne4 Rf4 16. Bxf4 exf4 17. g4 fxg3 18. Nxg3 Qe7 19. O-O Bh3 20. Bg4 Bxf1 21.
Qxf1 Rf8 22. Re1 Be5 23. Qg2 Qf6 24. Ne4 Qf4 25. Qg3 Qf7 26. Qd3 c5 27. Qh3 Kh8
28. Kg2 b6 29. b3 Qh7 30. Bc8 Qc7 31. Be6 Rf4 32. Qd3 Qg7 33. Re3 g4 34. Qb1
Nf3 35. Ng3 Nh4+ 36. Kf1 Qf6 37. Ne4 Qg7 38. Rg3 Nf5 39. Kg2 Nd4 40. Qd3 Rf3
41. Qd2 Bf4 42. Qd1 Bxg3 43. fxg3 Nxe6 44. dxe6 Qe5 45. Qd5 Qb2+ 46. Nd2 Re3
47. Kf2 Rxe6 48. Qxe6 Qxd2+ 49. Kg1 Qd1+ 50. Kh2 1/2-1/2